000 00277nam a22001097a 4500
008 230627b xxu||||| |||| 00| 0 eng d
082 _a338.5
_bHOW 1978
245 _aIndustrial Economics
260 _aLondon
_bThe Macmillan Press Ltd
_c1978
300 _aIX,255p
942 _2ddc
_cBK
999 _c2908
_d2908